Projeções Cartográficas - Statistics

Estatísticas Gerais
  • Esse quiz foi jogado 9 vezes
  • A pontuação média é 5 de 9
Estatísticas das Respostas
Imagem Hint Resposta % Correto
Cilíndrico - Conforme Mercator
100%
Tipo de mapa que distorce mais quão mais próximo das bordas do círculo. Azimutal / Plano
71%
Tipo de mapa que distorce algumas latitudes mais que outras. Cilíndrico
57%
Tipo de mapa que distorce mais quão mais longe do vértice. Cônico
57%
Pseudocilíndrico - Afilática Robinson
57%
Pseudocilíndrico - Equivalente Goode
43%
Tipo de mapa que distorce pouco todas as regiões. Authagraph
29%
Cilíndrico - Equivalente Galls-Peters
29%
Pseudocilíndrico - Equivalente Mollweide
29%
Nenhum quiz correspondente encontrado
Distribuição das Pontuações
Porcentagem de Pessoas com Cada Pontuação
Percentil de Números Respondidos
Sua Pontuação Histórica
Você não jogou esse quiz